000 00599nam a2200205Ia 4500
005 20250508162153.0
008 008 250505s9999 xx 000 0 eng d
020 _a0-07-047583-0
037 _aTextual
040 _aFEDL
_beng
_cFEDL
041 _aeng
_2eng
084 _a001.422, NUN
_qFEDL
100 _aNunnally Jum C
245 0 _aIntroduction to statistics for psychology and education
260 _aNew York, USA
_bMcGraw Hill Book Company
_c1975
300 _ax,342p.
650 _aPsychometrics
_9772488
942 _cTEXL
_h001.422, NUN
999 _c1374799
_d1374799